| 000 | 01070cam a22003255a 4500 | ||
|---|---|---|---|
| 003 | EG-ScBUE | ||
| 005 | 20220308110449.0 | ||
| 008 | 150813r20061975ua f 000 f eng d | ||
| 020 | _a9774240588 | ||
| 020 | _a9789774240584 | ||
| 040 |
_aEG-ScBUE _beng _erda _cEG-ScBUE _dEG-ScBUE |
||
| 041 | 1 |
_aeng _hara |
|
| 082 | 0 | 4 |
_a892.736 _bMAH _222 |
| 100 | 1 |
_aMaḥfūẓ, Najīb, _d1911-2006, _eauthor. |
|
| 245 | 1 | 0 |
_aMidaq alley / _cNaguib Mahfouz ; translated by Trevor le Gassick. |
| 250 | _aThirteenth printing. | ||
| 264 | 1 |
_aCairo : _bThe American University in Cairo Press, _c2006. |
|
| 300 |
_axii, 286 pages ; _c20 cm. |
||
| 336 |
_2rdacontent _atext _btxt |
||
| 337 |
_2rdamedia _aunmediated _bn |
||
| 338 |
_2rdacarrier _avolume _bnc |
||
| 490 | _aModern Arabic literature | ||
| 546 | _aText in English ; translated from original Arabic. | ||
| 650 | 7 | _2BUEsh | |
| 651 | 7 |
_aCairo (Egypt) _xFiction. _2BUEsh _92798 |
|
| 653 |
_bARALIT _cAugust2014 |
||
| 655 |
_vReading book _934232 |
||
| 700 | 1 |
_aLe Gassick, Trevor, _etranslator. _91503 |
|
| 942 |
_cBB _2ddc |
||
| 999 |
_c2668 _d2668 |
||